000 00363nam a2200133Ia 4500
005 20260328104337.0
008 260328s9999||||xx |||||||||||||| ||und||
100 _aSolé, Carlos
245 0 _aNorman y Wendy Foster en Hampstead :
_b el sueño de la Casa Tecnológica /
_cCarlos Solé
260 _bDiseño
300 _a334 p.
650 _aTEORÍA
942 _cBK
999 _c11930
_d11930